000
00382nam a22001577a 4500
003
MPLRDC
005
20220104152604.0
008
210129b ||||| |||| 00| 0 eng d
082
_a
829 LX v.2 c.2
100
_a
刘勰
245
_a
文心雕龙注. 下册
_c
260
_a
_b
商务印书馆
_c
1960
300
_b
平
650
_a
中国各地文学
942
_c
BK
_o
829 LX v.2 c.2
999
_c
52980
_d
52970